Logo BPK

Biblioteka

Politechniki Koszalińskiej

Le Tartufe : (Rekord nr 50735)

Szczegóły MARC
000 -ETYKIETA REKORDU
podpole kontrolne o stałej długości 00729nam a2200217 i 4500
001 - NUMER KONTROLNY REKORDU
pole kontrolne bgj
020 ## - MIĘDZYNARODOWY ZNORMALIZOWANY NUMER KSIĄŻKI - ISBN
ISBN 2030346675
040 ## - ŹRÓDŁO KATALOGOWANIA
Instytucja, która utworzyła rekord BPK
041 0# - KOD JĘZYKA
Kod języka tekstu fre
920 ## - Międzynarodowy znormalizowany numer książki – ISBN
ISBN 2-03-034667-5
008 - POLE O STAŁEJ DŁUGOŚCI - DANE KONTROLNE
podpole kontrolne o stałej długości s1984 fr f |000 0 fre
100 1# - NAZWA OSOBOWA
Nazwa osobowa MOLIERE
245 10 - TYTUŁ/ODPOWIEDZIALNOŚĆ
Tytuł Le Tartufe :
Ciąg dalszy tytułu comedie /
Pozostałe elementy strefy tytułu i oznaczenia odpowiedzialności Moliere ; avec un Notice biographique, une Notice historique et litteraire, und Lexique, des Notes explicatives, une Documentation thematique, des Jugements, un Questionnaire et des Sujets de devoirs, par J.-P. Caput.
260 ## - STREFA ADRESU WYDAWNICZEGO
Miejsce wydania Sorbonne :
Nazwa wydawcy/dystrybutora Librairie Larousse,
Data publikacji, dystrybucji/powstania dokumentu 1984.
300 ## - STREFA OPISU FIZYCZNEGO
Objętość 169 S. ;
Rozmiary 17 cm.
650 #9 - HASŁO PRZEDMIOTOWE W FORMIE NAZWY OGÓLNEJ LUB JEDNOSTKOWEJ
Nazwa ogólna lub geograficzna Belletristik
650 #9 - HASŁO PRZEDMIOTOWE W FORMIE NAZWY OGÓLNEJ LUB JEDNOSTKOWEJ
Nazwa ogólna lub geograficzna Französiche Drama
650 #9 - HASŁO PRZEDMIOTOWE W FORMIE NAZWY OGÓLNEJ LUB JEDNOSTKOWEJ
Nazwa ogólna lub geograficzna Kömedie
700 1# - HASŁO DODATKOWE - NAZWA OSOBOWA
Nazwa osobowa CAPUT, J.-P.
856 ## - LOKALIZACJA I DOSTĘP DO ELEKTRONICZNYCH DOKUMENTÓW ZDALNYCH
Link (URL) http://koha.tu.koszalin.pl/cgi-bin/koha/opac-detail.pl?biblionumber=50735
Tekst linku Katalog online BPK
942 ## - DODATKOWE ELEMENTY (KOHA)
Typ dokumentu Książka
Egzemplarze
Wycofany Status egzemplarza Uszkodzony Dostępność Lokalizacja stała Lokalizacja bieżąca Miejsce przechowywania Sygnatura Kod kreskowy Typ dokumentu
      Dostępny Biblioteka Politechniki Koszalińskiej Biblioteka Politechniki Koszalińskiej Wypożyczalnia Językowa N 891 01581089 Książka
© 2023 Biblioteka Politechniki Koszalińskiej :: KOHA